| 000 | 00473nam a2200181Ia 4500 | ||
|---|---|---|---|
| 003 | IIN | ||
| 005 | 20240125131059.0 | ||
| 008 | 231217s9999 xx 000 0 und d | ||
| 020 |
_cRs.465.00 _a9788131254790 |
||
| 040 |
_aIIN _bEnglish |
||
| 082 |
_a610.7 _bVEN |
||
| 100 | 1 | _aVenkatraman, Sreemathy | |
| 245 | 1 |
_aNutrition for Nurses _cSreemathy Venkatraman |
|
| 260 |
_bElsevier , _aNew Delhi : _c2019 |
||
| 300 | _axi, 286 p. | ||
| 650 | 1 | _aNutrition | |
| 942 | _cBOOK | ||
| 999 |
_c641 _d641 |
||